| 000 -LEADER |
| fixed length control field |
00426nam a22001577a 4500 |
| 020 ## - INTERNATIONAL STANDARD BOOK NUMBER |
| International Standard Book Number |
8181110668 |
| 082 ## - DEWEY DECIMAL CLASSIFICATION NUMBER |
| Classification number |
H1 |
| Item number |
SUR/E |
| 100 ## - MAIN ENTRY--PERSONAL NAME |
| Personal name |
Surajbhan Singh Kalamjeet |
| 9 (RLIN) |
46877 |
| 245 ## - TITLE STATEMENT |
| Title |
Ek aas ho tum meri/ |
| Statement of responsibility, etc. |
by Surajbhan Singh Kalamjeet |
| 260 ## - PUBLICATION, DISTRIBUTION, ETC. |
| Place of publication, distribution, etc. |
Mathura: |
| Name of publisher, distributor, etc. |
Jawahar Pustakaly, |
| Date of publication, distribution, etc. |
2007. |
| 300 ## - PHYSICAL DESCRIPTION |
| Extent |
103p. |
| 650 ## - SUBJECT ADDED ENTRY--TOPICAL TERM |
| Topical term or geographic name entry element |
Poetry Hindi |
| 9 (RLIN) |
46878 |
| 650 ## - SUBJECT ADDED ENTRY--TOPICAL TERM |
| Topical term or geographic name entry element |
Literature Hindi |
| 9 (RLIN) |
46879 |
| 650 ## - SUBJECT ADDED ENTRY--TOPICAL TERM |
| Topical term or geographic name entry element |
Literature |
| 9 (RLIN) |
46880 |
| 942 ## - ADDED ENTRY ELEMENTS (KOHA) |
| Koha item type |
Book |